[Event "37. Copenhagen Open (Politiken Cup)"]
[Site "Elsinore"]
[Date "2015.07.29"]
[Round "6"]
[White "Fabrin, Morten"]
[Black "Jorgensen, Dennis"]
[Result "0-1"]
[WhiteElo "2009"]
[BlackElo "2253"]
[PlyCount "62"]
[EventDate "2015.07.25"]
[EventType "swiss"]
[EventRounds "10"]
[EventCountry "DEN"]
[Source "ChessBase"]
[SourceDate "2015.09.14"]

1. Nf3 d5 2. c4 c6 3. Qc2 Nf6 4. g3 g6 5. Bg2 Bg7 6. O-O O-O 7. d3 Nbd7 8. Nbd2
b6 9. Rb1 Bb7 10. b4 e5 11. e3 Re8 12. Bb2 Qe7 13. Rfc1 Rac8 14. c5 Ba6 15. Ne1
Qe6 16. Nb3 Bb5 17. Qd2 Bh6 18. f4 Ba4 19. Nf3 d4 20. e4 Nh5 21. Ng5 Qe7 22.
cxb6 axb6 23. Qf2 exf4 24. gxf4 Bxb3 25. axb3 Nxf4 26. Nxf7 Qxf7 27. Rf1 c5 28.
Kh1 Ne5 29. Rbd1 Qe7 30. bxc5 bxc5 31. Qg3 Qg5 0-1

[Event "37. Copenhagen Open (Politiken Cup)"]
[Site "Elsinore"]
[Date "2015.07.29"]
[Round "6"]
[White "Fernandez, Daniel Howard"]
[Black "Walton, Alan J"]
[Result "1-0"]
[WhiteElo "2472"]
[BlackElo "2173"]
[PlyCount "75"]
[EventDate "2015.07.25"]
[EventType "swiss"]
[EventRounds "10"]
[EventCountry "DEN"]
[Source "ChessBase"]
[SourceDate "2015.09.14"]

1. Nf3 f5 2. g3 Nf6 3. Bg2 d6 4. d4 e6 5. a4 Be7 6. a5 a6 7. c4 O-O 8. O-O Qe8
9. b4 Nc6 10. Qb3 Ne4 11. d5 Nd8 12. Nfd2 Nxd2 13. Nxd2 Qh5 14. dxe6 Nxe6 15.
Nf3 Kh8 16. Bb2 f4 17. Rad1 c6 18. Qc3 Qg6 19. Qd3 Qxd3 20. exd3 Ng5 21. Rfe1
Nxf3+ 22. Bxf3 Bg5 23. Kg2 fxg3 24. hxg3 Bh3+ 25. Kxh3 Rxf3 26. Kg4 Rxf2 27.
Bd4 Rg2 28. Kxg5 Rxg3+ 29. Kf4 Rg6 30. Rg1 Rf8+ 31. Ke3 Re6+ 32. Kd2 Rf7 33.
Rdf1 Rxf1 34. Rxf1 Kg8 35. Rg1 g6 36. Be3 Kg7 37. b5 cxb5 38. cxb5 1-0

[Event "37. Copenhagen Open (Politiken Cup)"]
[Site "Elsinore"]
[Date "2015.07.29"]
[Round "6"]
[White "Fjallheim, Elmar Reinert"]
[Black "Quinn, David"]
[Result "1/2-1/2"]
[WhiteElo "1601"]
[BlackElo "1947"]
[PlyCount "49"]
[EventDate "2015.07.25"]
[EventType "swiss"]
[EventRounds "10"]
[EventCountry "DEN"]
[Source "ChessBase"]
[SourceDate "2015.09.14"]

1. e4 e5 2. Nf3 Nc6 3. d4 exd4 4. Nxd4 Bc5 5. Nxc6 Qf6 6. Qd2 dxc6 7. Nc3 Be6
8. Na4 Rd8 9. Bd3 Bd4 10. O-O b5 11. Nc3 Nh6 12. h3 O-O 13. Kh1 Bxh3 14. Ne2
Be6 15. Nxd4 Qxd4 16. f3 Bc4 17. Rd1 Rd6 18. Bxc4 Qxc4 19. Qe1 Rfd8 20. Bf4 Rd4
21. Bxc7 Re8 22. Rxd4 Qxd4 23. c3 Qc4 24. Qd2 Qe6 25. Qd6 1/2-1/2

[Event "37. Copenhagen Open (Politiken Cup)"]
[Site "Elsinore"]
[Date "2015.07.29"]
[Round "6"]
[White "Fjallheim, Leif Reinert"]
[Black "Nielsen, Kai Gylling"]
[Result "1-0"]
[WhiteElo "1530"]
[BlackElo "1761"]
[PlyCount "97"]
[EventDate "2015.07.25"]
[EventType "swiss"]
[EventRounds "10"]
[EventCountry "DEN"]
[Source "ChessBase"]
[SourceDate "2015.09.14"]

1. e4 b6 2. d4 Bb7 3. Nc3 Nf6 4. Bd3 e6 5. Nf3 Bb4 6. Bd2 Bxc3 7. Bxc3 Nxe4 8.
Bxe4 Bxe4 9. O-O O-O 10. Nd2 Bb7 11. Qg4 d5 12. Nf3 Nd7 13. Ne5 Nf6 14. Qg3 Ne4
15. Qg4 Nxc3 16. bxc3 c5 17. h4 Rc8 18. Rac1 Qe7 19. h5 h6 20. f4 Rc7 21. Rf3
f5 22. Qh3 Qf6 23. g4 cxd4 24. cxd4 Ba6 25. Kf2 fxg4 26. Qxg4 Qf5 27. c3 b5 28.
a3 Bc8 29. Kg3 a5 30. Qxf5 Rxf5 31. Rh1 Ba6 32. Re3 Bc8 33. Kg4 Rf8 34. Rb1 Ba6
35. Rb3 Rfc8 36. Ng6 Kf7 37. f5 exf5+ 38. Kxf5 Re8 39. Rf3 Re4 40. Ne5+ Kg8 41.
Ke6 Rh4 42. Kxd5 Bb7+ 43. Kd6 Rxh5 44. Kxc7 Bxf3 45. Nxf3 a4 46. Rb1 Rh3 47.
Rf1 g5 48. d5 g4 49. d6 1-0

[Event "37. Copenhagen Open (Politiken Cup)"]
[Site "Elsinore"]
[Date "2015.07.29"]
[Round "6"]
[White "Fjellengen, Bard"]
[Black "Shehzad, Shazil"]
[Result "1/2-1/2"]
[WhiteElo "1749"]
[BlackElo "1479"]
[PlyCount "44"]
[EventDate "2015.07.25"]
[EventType "swiss"]
[EventRounds "10"]
[EventCountry "DEN"]
[Source "ChessBase"]
[SourceDate "2015.09.14"]

1. d4 Nf6 2. Nf3 d5 3. e3 Bf5 4. c4 e6 5. a3 Nbd7 6. Nc3 Be7 7. cxd5 exd5 8.
Qb3 Nb6 9. Be2 O-O 10. O-O c6 11. Bd2 Re8 12. Na4 Nxa4 13. Qxa4 Ne4 14. Ba5 Qd7
15. Rac1 Rab8 16. Qb3 Bd8 17. Bxd8 Rbxd8 18. Rcd1 Kh8 19. Ne1 Re7 20. Bd3 Rde8
21. Bxe4 Bxe4 22. Nd3 Bxg2 1/2-1/2

[Event "37. Copenhagen Open (Politiken Cup)"]
[Site "Elsinore"]
[Date "2015.07.29"]
[Round "6"]
[White "Fossan, Benjamin"]
[Black "Rishovd, Svein"]
[Result "0-1"]
[WhiteElo "1697"]
[BlackElo "2094"]
[PlyCount "56"]
[EventDate "2015.07.25"]
[EventType "swiss"]
[EventRounds "10"]
[EventCountry "DEN"]
[Source "ChessBase"]
[SourceDate "2015.09.14"]

1. e4 g6 2. d4 Bg7 3. Nf3 d6 4. Be3 Nf6 5. Nc3 O-O 6. Bc4 Nxe4 7. Nxe4 d5 8.
Bd3 dxe4 9. Bxe4 Nd7 10. c3 Nf6 11. Bc2 b6 12. Qe2 a5 13. O-O-O a4 14. Ne5 Bb7
15. f3 Nd5 16. Bd2 c5 17. h4 cxd4 18. cxd4 Qc7 19. Kb1 a3 20. h5 axb2 21. hxg6
hxg6 22. Nxg6 Rfc8 23. Bb3 Rxa2 24. Be1 Qc1+ 25. Rxc1 bxc1=Q+ 26. Kxa2 Ra8+ 27.
Ba4 Rxa4+ 28. Kb3 Ra3# 0-1

[Event "37. Copenhagen Open (Politiken Cup)"]
[Site "Elsinore"]
[Date "2015.07.29"]
[Round "6"]
[White "Fossan, Petter"]
[Black "Aagaard, Jacob"]
[Result "1/2-1/2"]
[WhiteElo "2308"]
[BlackElo "2506"]
[PlyCount "40"]
[EventDate "2015.07.25"]
[EventType "swiss"]
[EventRounds "10"]
[EventCountry "DEN"]
[Source "ChessBase"]
[SourceDate "2015.09.14"]

1. e4 c5 2. c3 Nf6 3. e5 Nd5 4. d4 cxd4 5. Nf3 d6 6. cxd4 e6 7. Bc4 Nc6 8. O-O
Be7 9. Re1 O-O 10. a3 Bd7 11. Qd3 Rc8 12. Bd2 Na5 13. Bxd5 exd5 14. Bxa5 Qxa5
15. Nc3 h6 16. b4 Qd8 17. Nxd5 dxe5 18. Nxe5 Bg5 19. Ne3 Ba4 20. Rac1 Re8
1/2-1/2

[Event "37. Copenhagen Open (Politiken Cup)"]
[Site "Elsinore"]
[Date "2015.07.29"]
[Round "6"]
[White "Frisvold, Ole Emil"]
[Black "Wiberg, Jonas"]
[Result "1-0"]
[WhiteElo "2063"]
[BlackElo "1805"]
[PlyCount "95"]
[EventDate "2015.07.25"]
[EventType "swiss"]
[EventRounds "10"]
[EventCountry "DEN"]
[Source "ChessBase"]
[SourceDate "2015.09.14"]

1. d4 d5 2. Nf3 Nf6 3. g3 e6 4. Bg2 Nbd7 5. O-O Be7 6. c4 c6 7. Qc2 O-O 8. Rd1
Re8 9. Ne5 Nxe5 10. dxe5 Nd7 11. e4 d4 12. Rxd4 Qc7 13. Be3 Qxe5 14. Nc3 Bc5
15. Rd3 Bxe3 16. Rxe3 Qc7 17. Rd1 e5 18. Bh3 Nc5 19. Bxc8 Raxc8 20. Ne2 Rcd8
21. b4 Rxd1+ 22. Qxd1 Rd8 23. Qc2 Ne6 24. Rd3 Rxd3 25. Qxd3 Kf8 26. b5 Ke8 27.
Kg2 cxb5 28. cxb5 Qd7 29. Qb3 Kd8 30. a4 Qc7 31. Qd5+ Kc8 32. Ng1 Qc5 33. Nf3
Qxd5 34. exd5 Nc5 35. Nxe5 f6 36. Nc4 Kc7 37. a5 b6 38. a6 Na4 39. Kf3 Nc3 40.
d6+ Kd8 41. Na3 Kd7 42. Ke3 Kxd6 43. Kd4 Na4 44. Nc4+ Kd7 45. Ne3 Ke6 46. Nd5
Nc5 47. Nxb6 Nb3+ 48. Kc4 1-0

[Event "37. Copenhagen Open (Politiken Cup)"]
[Site "Elsinore"]
[Date "2015.07.29"]
[Round "6"]
[White "Gaure, Sigurd Lauvas"]
[Black "Jarve, Edvin"]
[Result "0-1"]
[WhiteElo "1406"]
[BlackElo "1637"]
[PlyCount "120"]
[EventDate "2015.07.25"]
[EventType "swiss"]
[EventRounds "10"]
[EventCountry "DEN"]
[Source "ChessBase"]
[SourceDate "2015.09.14"]

1. e4 e6 2. d4 d5 3. e5 c5 4. c3 Qb6 5. Nf3 Nc6 6. Bd3 Bd7 7. Bc2 cxd4 8. cxd4
Nge7 9. Nc3 Ng6 10. O-O Be7 11. b3 Rc8 12. Be3 Nb4 13. Qd2 Nxc2 14. Qxc2 O-O
15. Rac1 Ba3 16. Rcd1 Rc7 17. Bc1 Bb4 18. Bb2 Rfc8 19. Rd3 Bb5 20. Rc1 Bxd3 21.
Qxd3 Qa5 22. Ne2 Rxc1+ 23. Nxc1 Qc7 24. Qd1 Qc2 25. Qxc2 Rxc2 26. Nd3 Bc3 27.
Bxc3 Rxc3 28. Nde1 f6 29. Kf1 Kf7 30. Ke2 fxe5 31. dxe5 Rc6 32. Kd2 h6 33. Nd3
a6 34. Nfe1 Nf8 35. Ke3 Nd7 36. Kd4 a5 37. a4 b6 38. f4 Nc5 39. Nxc5 bxc5+ 40.
Kc3 Kg6 41. g3 Kf5 42. Kd3 Kg4 43. Ke3 Kh3 44. Nf3 Rb6 45. Nd2 Kxh2 46. g4 Kg3
47. f5 Kxg4 48. f6 gxf6 49. exf6 e5 50. f7 Rf6 51. Ne4 dxe4 52. Kxe4 Rxf7 53.
Kxe5 h5 54. Kd5 Rf5+ 55. Kc4 h4 56. Kb5 h3 57. Kxa5 c4+ 58. Kb4 cxb3 59. Kxb3
h2 60. Kb4 h1=Q 0-1

[Event "37. Copenhagen Open (Politiken Cup)"]
[Site "Elsinore"]
[Date "2015.07.29"]
[Round "6"]
[White "Glud, Jakob Vang"]
[Black "Hammer, Jon Ludvig"]
[Result "0-1"]
[WhiteElo "2531"]
[BlackElo "2677"]
[PlyCount "60"]
[EventDate "2015.07.25"]
[EventType "swiss"]
[EventRounds "10"]
[EventCountry "DEN"]
[Source "ChessBase"]
[SourceDate "2015.09.14"]

1. d4 Nf6 2. c4 e6 3. Nf3 d5 4. Nc3 Bb4 5. cxd5 exd5 6. Bf4 Ne4 7. Rc1 Nc6 8.
g3 Bf5 9. Qb3 a5 10. a3 a4 11. Qa2 Bxc3+ 12. bxc3 Na5 13. Nd2 Nxd2 14. Bxd2 Nb3
15. Rd1 O-O 16. Bg2 Re8 17. Bf4 Ra6 18. O-O Rae6 19. Rfe1 b5 20. f3 c6 21. h4
h6 22. h5 Na5 23. e4 dxe4 24. d5 cxd5 25. Rxd5 Qb6+ 26. Be3 exf3 27. Bxb6 Rxe1+
28. Kf2 fxg2 29. Kxg2 Bb1 30. Qd2 Nb3 0-1

[Event "37. Copenhagen Open (Politiken Cup)"]
[Site "Elsinore"]
[Date "2015.07.29"]
[Round "6"]
[White "Greeuw, Sietske"]
[Black "Nilssen, Ellen Fredericia"]
[Result "1-0"]
[WhiteElo "1989"]
[BlackElo "1819"]
[PlyCount "59"]
[EventDate "2015.07.25"]
[EventType "swiss"]
[EventRounds "10"]
[EventCountry "DEN"]
[Source "ChessBase"]
[SourceDate "2015.09.14"]

1. e4 e6 2. d4 d5 3. Nd2 Be7 4. Ngf3 c5 5. exd5 exd5 6. dxc5 Nf6 7. Bb5+ Bd7 8.
Bxd7+ Qxd7 9. O-O O-O 10. Nb3 Na6 11. Bg5 Rac8 12. c6 bxc6 13. Re1 Rfe8 14. c3
h6 15. Bh4 Ne4 16. Rxe4 g5 17. Bg3 f5 18. Re1 f4 19. Ne5 Qd6 20. Qh5 Qf6 21.
Ng4 Qg7 22. Nxh6+ Kf8 23. Nf5 Qf6 24. Nxe7 Rxe7 25. Rxe7 Kxe7 26. Re1+ Kd6 27.
Nd4 Nc5 28. Bxf4+ Qxf4 29. Qg6+ Kd7 30. Qg7+ 1-0

[Event "37. Copenhagen Open (Politiken Cup)"]
[Site "Elsinore"]
[Date "2015.07.29"]
[Round "6"]
[White "Grigoriants, Sergey"]
[Black "Hoi, Carsten"]
[Result "1-0"]
[WhiteElo "2594"]
[BlackElo "2383"]
[PlyCount "81"]
[EventDate "2015.07.25"]
[EventType "swiss"]
[EventRounds "10"]
[EventCountry "DEN"]
[Source "ChessBase"]
[SourceDate "2015.09.14"]

1. e4 e5 2. Nf3 Nc6 3. Bb5 a6 4. Ba4 g6 5. c3 d6 6. d4 Bd7 7. O-O Bg7 8. Re1
Nge7 9. Be3 O-O 10. Nbd2 Qe8 11. Bb3 Kh8 12. a4 f6 13. Nc4 Ng8 14. h3 Bh6 15.
Qd2 Bxe3 16. Nxe3 Nd8 17. a5 Ne6 18. Bxe6 Bxe6 19. b4 Ne7 20. c4 g5 21. Nh2
exd4 22. Qxd4 Nc6 23. Qc3 Ne5 24. Nd5 Qf7 25. Nf3 c6 26. Nb6 Rad8 27. Rac1 g4
28. hxg4 Bxg4 29. Nh2 Rg8 30. f4 Nd7 31. Nxd7 Bxd7 32. Rc2 Qg7 33. Rd2 c5 34.
bxc5 Bc6 35. Qd3 f5 36. exf5 Qf6 37. cxd6 Rg7 38. Nf3 Rdg8 39. Ng5 h6 40. Re6
Qa1+ 41. Rd1 1-0

[Event "37. Copenhagen Open (Politiken Cup)"]
[Site "Elsinore"]
[Date "2015.07.29"]
[Round "6"]
[White "Haldorsen, Benjamin"]
[Black "Poulsen, Iver"]
[Result "1-0"]
[WhiteElo "2302"]
[BlackElo "2119"]
[PlyCount "83"]
[EventDate "2015.07.25"]
[EventType "swiss"]
[EventRounds "10"]
[EventCountry "DEN"]
[Source "ChessBase"]
[SourceDate "2015.09.14"]

1. e4 c5 2. Nf3 Nc6 3. d4 cxd4 4. Nxd4 Nf6 5. Nc3 g6 6. Nxc6 bxc6 7. e5 Nh5 8.
Bc4 Qa5 9. O-O Qxe5 10. Re1 Qb8 11. Qf3 f5 12. g4 Nf6 13. Bf4 Qb4 14. Bb3 Bb7
15. a3 Qb6 16. Na4 Qa5 17. Be5 Bg7 18. Bc3 Qc7 19. g5 Ng4 20. Bxg7 Qxh2+ 21.
Kf1 c5 22. Qg3 Ba6+ 23. c4 Rg8 24. Qxh2 Nxh2+ 25. Kg2 Rxg7 26. Nxc5 Rb8 27.
Kxh2 Bc8 28. Re2 Kd8 29. Rd1 Kc7 30. Ba2 d6 31. Nd3 Bb7 32. Rdd2 Be4 33. c5 h6
34. gxh6 Rh8 35. Kg3 Rxh6 36. f3 Bxd3 37. cxd6+ exd6 38. Rxd3 Rgh7 39. Rc2+ Kb8
40. Rxd6 f4+ 41. Kxf4 g5+ 42. Ke5 1-0

[Event "37. Copenhagen Open (Politiken Cup)"]
[Site "Elsinore"]
[Date "2015.07.29"]
[Round "6"]
[White "Hansen, Anders1"]
[Black "Justinussen, Sigurd B"]
[Result "0-1"]
[WhiteElo "1704"]
[BlackElo "1959"]
[PlyCount "64"]
[EventDate "2015.07.25"]
[EventType "swiss"]
[EventRounds "10"]
[EventCountry "DEN"]
[Source "ChessBase"]
[SourceDate "2015.09.14"]

1. b3 d6 2. Bb2 e5 3. c4 Nf6 4. g3 Be7 5. Bg2 c6 6. Nc3 O-O 7. e3 Bg4 8. Nge2
Nbd7 9. O-O Nb6 10. d4 Qc7 11. Qc2 Rac8 12. Rac1 exd4 13. Nxd4 Qd7 14. Rfe1 Bh3
15. Bh1 d5 16. Nf3 dxc4 17. Ne4 Nxe4 18. Qxe4 Bf5 19. Ne5 Qe6 20. Qf3 cxb3 21.
e4 Bg6 22. Nxg6 hxg6 23. axb3 Rfd8 24. Ra1 a6 25. Qe3 Nd7 26. Ra5 Nf6 27. Re5
Qd7 28. Qc3 Bf8 29. Bf3 Qd2 30. Re3 Bb4 31. Qxd2 Rxd2 32. Bc1 Rc2 0-1

[Event "37. Copenhagen Open (Politiken Cup)"]
[Site "Elsinore"]
[Date "2015.07.29"]
[Round "6"]
[White "Hansen, Ib Lynaes"]
[Black "Lauritsen, Martin Lee"]
[Result "0-1"]
[WhiteElo "1819"]
[BlackElo "2102"]
[PlyCount "56"]
[EventDate "2015.07.25"]
[EventType "swiss"]
[EventRounds "10"]
[EventCountry "DEN"]
[Source "ChessBase"]
[SourceDate "2015.09.14"]

1. d4 c5 2. d5 g6 3. c4 b5 4. e4 Bg7 5. Nd2 b4 6. Bd3 d6 7. Ne2 Nf6 8. O-O O-O
9. Ng3 a5 10. a3 Na6 11. f4 Ng4 12. Nf3 bxa3 13. Rxa3 Rb8 14. h3 Nf6 15. Qa4
Nd7 16. Qxa5 Nb6 17. Qd2 Nb4 18. Bb1 Nxc4 19. Qe1 Nxa3 20. bxa3 Nxd5 21. Ba2
Nc3 22. Bc4 Na4 23. f5 Nb2 24. Bxb2 Rxb2 25. Ng5 e6 26. Nxf7 Rxf7 27. fxe6
Rxf1+ 28. Qxf1 Qe7 0-1

[Event "37. Copenhagen Open (Politiken Cup)"]
[Site "Elsinore"]
[Date "2015.07.29"]
[Round "6"]
[White "Hansen, Sune Berg"]
[Black "Petersen, Tom Petri"]
[Result "1-0"]
[WhiteElo "2566"]
[BlackElo "2360"]
[PlyCount "103"]
[EventDate "2015.07.25"]
[EventType "swiss"]
[EventRounds "10"]
[EventCountry "DEN"]
[Source "ChessBase"]
[SourceDate "2015.09.14"]

1. d4 g6 2. c4 Bg7 3. Nf3 Nf6 4. Nc3 O-O 5. Bg5 d6 6. e3 Nbd7 7. Be2 e5 8. dxe5
dxe5 9. Qc2 c6 10. Rd1 Qe7 11. O-O Nc5 12. b4 Ne6 13. Bxf6 Bxf6 14. Ne4 Bg7 15.
c5 a5 16. a3 axb4 17. axb4 f5 18. Nd6 e4 19. Nd2 b5 20. Nb3 Ra4 21. Na5 Bd7 22.
Qd2 Rxa5 23. bxa5 Nxc5 24. Nb7 Nxb7 25. Qxd7 Qxd7 26. Rxd7 Nxa5 27. Ra7 Bc3 28.
Rc1 Bb4 29. Rd1 Rf7 30. Ra6 Rc7 31. g4 Nc4 32. Bxc4+ bxc4 33. Rd4 c5 34. Rxc4
fxg4 35. Re6 Kf7 36. Rexe4 h5 37. Kg2 Rd7 38. Rc2 Kf6 39. h3 gxh3+ 40. Kxh3 g5
41. Re8 Rd2 42. Rxd2 Bxd2 43. Rc8 Bb4 44. Kg3 Ke6 45. Kf3 Kd5 46. Rh8 g4+ 47.
Ke2 Kc4 48. Rxh5 Kb3 49. Rg5 c4 50. Rxg4 Ba3 51. Rg8 Bb2 52. Rc8 1-0

[Event "37. Copenhagen Open (Politiken Cup)"]
[Site "Elsinore"]
[Date "2015.07.29"]
[Round "6"]
[White "Hansson, Fredrik"]
[Black "Olofsson Dolk, Mattis"]
[Result "1/2-1/2"]
[WhiteElo "2036"]
[BlackElo "2253"]
[PlyCount "123"]
[EventDate "2015.07.25"]
[EventType "swiss"]
[EventRounds "10"]
[EventCountry "DEN"]
[Source "ChessBase"]
[SourceDate "2015.09.14"]

1. e4 c5 2. c3 Nf6 3. e5 Nd5 4. d4 cxd4 5. cxd4 e6 6. Nf3 d6 7. Bc4 Nc6 8. O-O
Be7 9. Qe2 O-O 10. Nc3 Nxc3 11. bxc3 dxe5 12. dxe5 Qa5 13. Qe4 Qa4 14. Bd3 Qxe4
15. Bxe4 Bd7 16. Rd1 Rfd8 17. Rb1 Na5 18. Be3 Bc6 19. Bxc6 Nxc6 20. Nd4 Na5 21.
Nb5 Nc4 22. Rxd8+ Rxd8 23. Nxa7 Nxe3 24. fxe3 Bc5 25. Rxb7 Bxe3+ 26. Kf1 g6 27.
Ke2 Bf4 28. g3 Rd2+ 29. Ke1 Be3 30. Nb5 Rxa2 31. Nd6 Bd2+ 32. Kf1 Bxc3 33. Nxf7
Rxh2 34. Kg1 Rb2 35. Rxb2 Bxb2 36. Ng5 Bxe5 37. Kg2 Kg7 38. Nxe6+ Kf6 39. Nc5
Kf5 40. Kf3 h5 41. Ne4 g5 42. Nxg5 Kxg5 43. Kf2 Kg4 44. Kg2 Bd6 45. Kf2 Kh3 46.
Kg1 Be5 47. Kh1 Kg4 48. Kg2 Bd4 49. Kh2 Kf3 50. Kh3 Bf6 51. Kh2 Kg4 52. Kg2 Be5
53. Kf2 Kf5 54. Kf3 Bd4 55. Kg2 Bf6 56. Kf3 Be7 57. Kg2 Ke4 58. Kf2 Bd8 59. Kg2
Ke3 60. g4 hxg4 61. Kg3 Bh4+ 62. Kxg4 1/2-1/2

[Event "37. Copenhagen Open (Politiken Cup)"]
[Site "Elsinore"]
[Date "2015.07.29"]
[Round "6"]
[White "Haria, Ravi"]
[Black "Tarjan, James Edward"]
[Result "1/2-1/2"]
[WhiteElo "2261"]
[BlackElo "2490"]
[PlyCount "40"]
[EventDate "2015.07.25"]
[EventType "swiss"]
[EventRounds "10"]
[EventCountry "DEN"]
[Source "ChessBase"]
[SourceDate "2015.09.14"]

1. Nf3 Nf6 2. g3 b6 3. Bg2 Bb7 4. c4 e6 5. O-O Be7 6. b3 O-O 7. Bb2 d5 8. e3
Nbd7 9. Nc3 Ne4 10. Qe2 Bf6 11. d4 Nxc3 12. Bxc3 dxc4 13. Qxc4 c5 14. Rfd1 Qe7
15. Ne5 Bxg2 16. Kxg2 Rfc8 17. Nxd7 Qxd7 18. Qe2 Qb7+ 19. e4 Rd8 20. Qe3 cxd4
1/2-1/2

[Event "37. Copenhagen Open (Politiken Cup)"]
[Site "Elsinore"]
[Date "2015.07.29"]
[Round "6"]
[White "Hartung Nielsen, Jens"]
[Black "Skovgaard, Ib"]
[Result "1/2-1/2"]
[WhiteElo "2212"]
[BlackElo "2031"]
[PlyCount "152"]
[EventDate "2015.07.25"]
[EventType "swiss"]
[EventRounds "10"]
[EventCountry "DEN"]
[Source "ChessBase"]
[SourceDate "2015.09.14"]

1. d4 d5 2. c4 c6 3. Nf3 Nf6 4. e3 Bf5 5. Nc3 e6 6. Nh4 Be4 7. f3 Bg6 8. Qb3
Qc7 9. Bd2 dxc4 10. Bxc4 Nbd7 11. e4 Rd8 12. Be3 Be7 13. O-O-O Nd5 14. Nxg6
Nxe3 15. Nxh8 Nxd1 16. Nxf7 Qf4+ 17. Kb1 Nxc3+ 18. bxc3 Qxf7 19. Bxe6 Qg6 20.
g3 Nb6 21. Rf1 Rd6 22. Bf5 Qf7 23. Rf2 g6 24. Bh3 Qc4 25. Bf1 Qe6 26. Bd3 c5
27. Bb5+ Kf8 28. dxc5 Qxb3+ 29. axb3 Rd1+ 30. Kc2 Bxc5 31. Re2 Rf1 32. f4 Rf2
33. Kd2 a6 34. Bd3 a5 35. Bb5 Nc8 36. e5 Na7 37. Bc4 b5 38. Bd5 Rxe2+ 39. Kxe2
a4 40. bxa4 bxa4 41. g4 a3 42. h4 Nb5 43. Kd3 Bf2 44. h5 gxh5 45. gxh5 Bg3 46.
Kc2 Bxf4 47. Kb3 a2 48. Kb2 Bc1+ 49. Ka1 Nxc3 50. Bxa2 Bf4 51. Bc4 Ne4 52. Bd3
Bxe5+ 53. Kb1 Nc3+ 54. Kc2 Kg7 55. Kd2 Kh6 56. Ke1 Nd5 57. Be2 Bg3+ 58. Kf1
Ne3+ 59. Kg1 Kg5 60. Bf3 h6 61. Be2 Kh4 62. Bf3 Kh3 63. Bc6 Bh2+ 64. Kf2 Ng4+
65. Kf1 Nf6 66. Bf3 Kg3 67. Be2 Nd5 68. Bb5 Nf4 69. Be8 Kf3 70. Bc6+ Ke3 71.
Be8 Bg3 72. Kg1 Bf2+ 73. Kh2 Be1 74. Kh1 Bf2 75. Kh2 Ne6 76. Kg2 Nf4+ 1/2-1/2

[Event "37. Copenhagen Open (Politiken Cup)"]
[Site "Elsinore"]
[Date "2015.07.29"]
[Round "6"]
[White "Harvey, Marcus Ross"]
[Black "Timman, Jan H"]
[Result "0-1"]
[WhiteElo "2320"]
[BlackElo "2566"]
[PlyCount "132"]
[EventDate "2015.07.25"]
[EventType "swiss"]
[EventRounds "10"]
[EventCountry "DEN"]
[Source "ChessBase"]
[SourceDate "2015.09.14"]

1. e4 e6 2. d4 d5 3. Nc3 Bb4 4. exd5 exd5 5. Bd3 c6 6. Nge2 Ne7 7. Bf4 Bf5 8.
Bxf5 Nxf5 9. Qd3 Nh4 10. O-O-O O-O 11. g3 Ng6 12. Bd2 Nd7 13. h4 Nb6 14. h5 Ne7
15. Kb1 Nc4 16. Bc1 b5 17. Nf4 Qd7 18. Nce2 Bd6 19. Qf3 a5 20. Nd3 f6 21. Bf4
Ne5 22. Qg2 Nxd3 23. Rxd3 Rae8 24. Bxd6 Qxd6 25. Qh3 Nc8 26. Nf4 Nb6 27. Qf5
Nc4 28. b3 Na3+ 29. Kc1 b4 30. Ng6 Rf7 31. Re3 Qd8 32. Rxe8+ Qxe8 33. Kd2 Qd7
34. Qf4 Qd8 35. Qe3 hxg6 36. hxg6 Re7 37. Qf3 Re4 38. Qh5 Kf8 39. Qh8+ Ke7 40.
Qxg7+ Kd6 41. Rh8 Qe7 42. Qf8 Rxd4+ 43. Kc1 Qxf8 44. Rxf8 Rg4 45. Rxf6+ Ke5 46.
Rxc6 Kf5 47. Rc5 Rxg6 48. Rxa5 Ke5 49. Ra8 Rc6 50. Re8+ Kd6 51. Re2 d4 52. g4
d3 53. Rd2 Ke5 54. Rxd3 Rxc2+ 55. Kd1 Rxf2 56. Re3+ Kf4 57. Re8 Kxg4 58. Rg8+
Kf3 59. Rb8 Nb1 60. Rxb4 Nc3+ 61. Ke1 Re2+ 62. Kf1 Nd5 63. Rb8 Ne3+ 64. Kg1
Re1+ 65. Kh2 Ng4+ 66. Kh3 Rh1# 0-1

[Event "37. Copenhagen Open (Politiken Cup)"]
[Site "Elsinore"]
[Date "2015.07.29"]
[Round "6"]
[White "Haubro, Martin"]
[Black "Marin, Mihail"]
[Result "1/2-1/2"]
[WhiteElo "2382"]
[BlackElo "2579"]
[PlyCount "84"]
[EventDate "2015.07.25"]
[EventType "swiss"]
[EventRounds "10"]
[EventCountry "DEN"]
[Source "ChessBase"]
[SourceDate "2015.09.14"]

1. e4 e6 2. d4 d5 3. Nd2 c5 4. exd5 exd5 5. Bb5+ Nc6 6. Ngf3 cxd4 7. Nxd4 Bd7
8. N2f3 Nf6 9. O-O Be7 10. h3 O-O 11. Bd3 Re8 12. Bf4 Ne4 13. Nxc6 Bxc6 14. c3
Bc5 15. Qc2 Qf6 16. Be3 Bxe3 17. fxe3 Qh6 18. Rfe1 Re7 19. Nd4 Qg5 20. Bxe4
Rxe4 21. Qf2 Bd7 22. Kh2 Rae8 23. Nc2 Ba4 24. b3 Qe5+ 25. Kg1 Bd7 26. Rf1 Re7
27. Qd2 h5 28. Rad1 Bc6 29. Rf3 h4 30. Rdf1 Qg5 31. Rf5 Qg6 32. R5f4 Bb5 33.
Rxe4 Qxe4 34. Re1 Bd7 35. Nb4 Bc6 36. Qd3 Qe5 37. Qd2 Qg5 38. Nd3 Re4 39. Nf2
Re6 40. Nd3 Re4 41. Nf2 Re6 42. Nd3 Re4 1/2-1/2

[Event "37. Copenhagen Open (Politiken Cup)"]
[Site "Elsinore"]
[Date "2015.07.29"]
[Round "6"]
[White "Haug, Johannes"]
[Black "Moe, Mogens"]
[Result "1-0"]
[WhiteElo "2236"]
[BlackElo "2070"]
[PlyCount "79"]
[EventDate "2015.07.25"]
[EventType "swiss"]
[EventRounds "10"]
[EventCountry "DEN"]
[Source "ChessBase"]
[SourceDate "2015.09.14"]

1. e4 c5 2. Nf3 e6 3. d4 cxd4 4. Nxd4 Nc6 5. Nb5 d6 6. c4 a6 7. N5c3 Nf6 8. Be2
Be7 9. O-O O-O 10. Be3 Qc7 11. Na3 b6 12. Rc1 Rb8 13. Nd5 Qa7 14. Nxe7+ Qxe7
15. f3 Rd8 16. Qe1 Bd7 17. Qc3 Rdc8 18. Qd2 Ne8 19. Rfd1 Na7 20. e5 Rc6 21. Nc2
Rb7 22. Nb4 dxe5 23. Nxc6 Nxc6 24. c5 b5 25. a4 f5 26. axb5 axb5 27. Bxb5 f4
28. Bf2 Rxb5 29. Qxd7 Qxd7 30. Rxd7 Rxb2 31. h3 Rb8 32. Rdd1 Kf8 33. Rb1 Rc8
34. Rb6 Rc7 35. Rd6 Nd4 36. Bxd4 exd4 37. Rxe6 d3 38. Rb8 Re7 39. Rxe7 Kxe7 40.
Rb3 1-0

[Event "37. Copenhagen Open (Politiken Cup)"]
[Site "Elsinore"]
[Date "2015.07.29"]
[Round "6"]
[White "Haugaard, Thomas"]
[Black "Klitgaard, Ebbe"]
[Result "0-1"]
[WhiteElo "1707"]
[BlackElo "1961"]
[PlyCount "54"]
[EventDate "2015.07.25"]
[EventType "swiss"]
[EventRounds "10"]
[EventCountry "DEN"]
[Source "ChessBase"]
[SourceDate "2015.09.14"]

1. d4 Nf6 2. c4 e6 3. Nf3 d5 4. Nc3 Be7 5. Bg5 h6 6. Bh4 O-O 7. e3 Nbd7 8. Qc2
b6 9. Rc1 c5 10. Be2 Bb7 11. O-O Rc8 12. cxd5 Nxd5 13. Bxe7 Qxe7 14. Qb1 N7f6
15. Nxd5 Nxd5 16. dxc5 Rxc5 17. Rxc5 Qxc5 18. Rc1 Qd6 19. a3 Nf6 20. Nd4 Qb8
21. b4 Rc8 22. Bf3 Bxf3 23. Nxf3 Rc7 24. Rxc7 Qxc7 25. Nd4 Qc3 26. Nb5 Qd2 27.
Nxa7 Qd7 0-1